Real estate /

Bibliographic Details
Main Author: Beaton, William R.
Other Authors: Bond, Robert J., 1934-
Format: Book
Language:English
Published: Pacific Palisades, Calif. : Goodyear Pub. Co., [1976]
Subjects:

MARC

Tag First Indicator Second Indicator Subfields
LEADER 00000pam a2200000 i 4500
001 in00000603421
005 20151014161532.0
008 751003s1976 cau b 00110 eng
010 |a  75013004  
020 |a 0876207875 
035 |a (OCoLC)01818148 
035 |9 ACS0860AM 
040 |a DLC  |c DLC  |d TXA  |d UtOrBLW 
049 |a TXAM  |c [1433497] 
050 0 0 |a HD1375  |b .B332 
082 0 |a 333.3/3 
100 1 |a Beaton, William R. 
245 1 0 |a Real estate /  |c William R. Beaton and Robert J. Bond. 
264 1 |a Pacific Palisades, Calif. :  |b Goodyear Pub. Co.,  |c [1976] 
264 4 |c ©1976 
300 |a xii, 432 pages ;  |c 24 cm. 
336 |a text  |b txt  |2 rdacontent 
337 |a unmediated  |b n  |2 rdamedia 
338 |a volume  |b nc  |2 rdacarrier 
504 |a Includes bibliographies and index. 
650 0 |a Real estate business. 
700 1 |a Bond, Robert J.,  |d 1934- 
999 |a MARS 
999 f f |s 78820d26-ad21-34cb-9bdf-e52ea40ed94a  |i db52fe7b-a55f-3e5f-af96-ec48d87ee54a  |t 0 
952 f f |p ric  |a Texas A&M University  |b Rellis Campus  |c Joint Library Facility  |d Remote Storage  |t 0  |e HD1375 .B332  |h Library of Congress classification  |i unmediated -- volume  |m A14802651147 
998 f f |a HD1375 .B332  |t 0  |l Remote Storage